<?xml version="1.0" encoding="UTF-8"?>
<record
    xmlns:xsi="http://www.w3.org/2001/XMLSchema-instance"
    xsi:schemaLocation="http://www.loc.gov/MARC21/slim http://www.loc.gov/standards/marcxml/schema/MARC21slim.xsd"
    xmlns="http://www.loc.gov/MARC21/slim">

  <leader>00739nam a22001937a 4500</leader>
  <controlfield tag="003">OSt</controlfield>
  <controlfield tag="005">20240902105057.0</controlfield>
  <controlfield tag="008">240902b           ||||| |||| 00| 0 eng d</controlfield>
  <datafield tag="040" ind1=" " ind2=" ">
    <subfield code="c">AIMIT LIBRARY</subfield>
  </datafield>
  <datafield tag="100" ind1=" " ind2=" ">
    <subfield code="a">Martis, Jason Stewart.</subfield>
    <subfield code="e">2216073</subfield>
    <subfield code="9">178401</subfield>
  </datafield>
  <datafield tag="245" ind1=" " ind2=" ">
    <subfield code="a">Study on the revenue growth and financial performance of ITC limited /</subfield>
    <subfield code="c">By Jason Stewart Martis ; Guided by Rajani Suresh.</subfield>
  </datafield>
  <datafield tag="260" ind1=" " ind2=" ">
    <subfield code="a">Bengaluru ;</subfield>
    <subfield code="c">2024.</subfield>
  </datafield>
  <datafield tag="650" ind1=" " ind2=" ">
    <subfield code="a">Industry profile company profile introduction</subfield>
    <subfield code="9">178402</subfield>
  </datafield>
  <datafield tag="650" ind1=" " ind2=" ">
    <subfield code="a">Literature review objectives and conceptual framework</subfield>
    <subfield code="9">178403</subfield>
  </datafield>
  <datafield tag="650" ind1=" " ind2=" ">
    <subfield code="a">Data analysis and interpretation</subfield>
    <subfield code="9">178404</subfield>
  </datafield>
  <datafield tag="700" ind1=" " ind2=" ">
    <subfield code="a">Suresh, Rajani.</subfield>
    <subfield code="e">Guide</subfield>
    <subfield code="9">178405</subfield>
  </datafield>
  <datafield tag="856" ind1=" " ind2=" ">
    <subfield code="3">ITC Limited</subfield>
    <subfield code="u">www.itcportal.com</subfield>
  </datafield>
  <datafield tag="942" ind1=" " ind2=" ">
    <subfield code="2">ddc</subfield>
    <subfield code="c">PRO</subfield>
  </datafield>
  <datafield tag="999" ind1=" " ind2=" ">
    <subfield code="c">231686</subfield>
    <subfield code="d">231686</subfield>
  </datafield>
  <datafield tag="952" ind1=" " ind2=" ">
    <subfield code="0">0</subfield>
    <subfield code="1">0</subfield>
    <subfield code="2">ddc</subfield>
    <subfield code="4">0</subfield>
    <subfield code="7">1</subfield>
    <subfield code="8">PR_MBA</subfield>
    <subfield code="a">AIMIT</subfield>
    <subfield code="b">AIMIT</subfield>
    <subfield code="c">PRB</subfield>
    <subfield code="d">2024-09-02</subfield>
    <subfield code="l">0</subfield>
    <subfield code="p">PRB02287</subfield>
    <subfield code="r">2024-09-02 00:00:00</subfield>
    <subfield code="t">2216073</subfield>
    <subfield code="u">www.itcportal.com</subfield>
    <subfield code="w">2024-09-02</subfield>
    <subfield code="y">PRO</subfield>
  </datafield>
</record>
